| 000 | 00709nam a22002057a 4500 | ||
|---|---|---|---|
| 999 |
_c12031 _d12031 |
||
| 003 | AR-CdUCM | ||
| 008 | 190405b ||||| |||| 00| 0 spa d | ||
| 040 |
_aMUNICIPALIDAD PROVINCIAL DEL CUSCO _cBIBLIOTECA MUNICIPAL DEL CUSCO |
||
| 082 |
_aEP / 372.460 / _bD68 _22ed. |
||
| 100 |
_aDíaz Córdova, Alfredo _926602 |
||
| 245 |
_aJorgito : _bLecturas y Ejercicios de Lenguaje, cuarto grado de educación primaria / / |
||
| 260 |
_aLima : _bEscuela Nueva. |
||
| 300 |
_a159 páginas ; _bIlustraciones _c21cm |
||
| 505 | _aContenido: Lecturas | ||
| 650 |
_aLecturas _96094 |
||
| 650 |
_aEducación primaria _91561 |
||
| 700 |
_aDiaz Guillen, Rosa E. _926603 |
||
| 942 |
_2ddc _cLIBROS |
||
| 945 |
_anom _d2019-04-05 |
||